Bestehen Sie die 7. Klasse? - Statistiken

Allgemein
  • Dieses Quiz wurde 219 mal gespielt
  • Das Durchschnittsergebnis liegt bei 7 aus 10
Antwortstatistiken
Fach Frage Antwort % Korrekt
Mathe Wie nennt man Zahlen die nur durch sich selbst und eins teilbar sind? Primzahlen
94%
Erdkunde Wie heißt der längste Fluss der Welt? Nil
90%
Englisch Wie ist der Komperativ von „good“? better
89%
Latein Nennen Sie die erste Deklinationsgruppe. a-Deklination
86%
Chemie Welches chemisches Zeichen hat Eisen? Fe
80%
Geschichte In welchem Jahr fand das Attentat von Sarajevo statt? 1914
67%
Biologie Wie heißen die Bausteine aller Lebewesen? Zellen
67%
Deutsch Wie nennt man das Stilmittel: Bei der, der Anfangslaut in einem Satz immer derselbe ist? Alliteration
60%
Französisch Wie heißt Apfel auf französich? Pomme
54%
Physik Wie heißt der Wechsel von flüssig zu gasförmig? Verdampfung
49%
Keine übereinstimmenden Quizze gefunden
Verteilung der Resultate
Anzahl Personen mit jedem Resultat
Perzentil nach korrekt beantworteten Fragen
Ihre Resultats-Entwicklung
Sie haben dieses Quiz noch nicht gespielt